Central Library OPAC University of Rajshahi

Maʿārif.# # (Record no. 80458)

MARC details
000 -LEADER
fixed length control field 00641cas a2200217 a 4500
001 - CONTROL NUMBER
control field 80458
003 - CONTROL NUMBER IDENTIFIER
rucl marc code BD-RjUL
005 - DATE AND TIME OF LATEST TRANSACTION
control field 20220928113628.0
008 - FIXED-LENGTH DATA ELEMENTS--GENERAL INFORMATION
fixed length control field 950726c1941 pk tr p 0 | 0ur od
035 ## - SYSTEM CONTROL NUMBER
System control number (BD-RjUL)
040 ## - CATALOGING SOURCE
Original cataloging agency CLU
Transcribing agency CLU
Modifying agency WaU
-- InU
-- CStRLIN
-- NN
Language of cataloging eng
041 ## - LANGUAGE CODE
Language code of text/sound track or separate title eng
082 ## - DEWEY DECIMAL CLASSIFICATION NUMBER
Edition number 23
Classification number 297.09
Author mark and year QUM 1941
100 ## - MAIN ENTRY--PERSONAL NAME
Personal name ibn qutayba # # ابن قتيبه
9 (RLIN) 5053
130 0# - MAIN ENTRY--UNIFORM TITLE
Uniform title Maʿārif (Tehran, Iran)
9 (RLIN) 5054
245 00 - TITLE STATEMENT
Title Maʿārif.# #
Statement of responsibility, etc. ابن قتيبه # # Ibn Qutayba
260 ## - PUBLICATION, DISTRIBUTION, ETC. (IMPRINT)
Place of publication, distribution, etc. Tihrān :
Name of publisher, distributor, etc. Markaz-i Nashr-i Dānishgāhī,
Date of publication, distribution, etc. 1984-
300 ## - PHYSICAL DESCRIPTION
Pagination v. ;
Size 24 cm.
650 ## - SUBJECT ADDED ENTRY--TOPICAL TERM
Topical term or geographic name as entry element History
Geographic subdivision Islam
9 (RLIN) 5055
942 ## - ADDED ENTRY ELEMENTS (KOHA)
Source of classification or shelving scheme Dewey Decimal Classification
Koha item type Books
Holdings
Lost status Source of classification or shelving scheme Damaged status Not for loan Collection code Permanent Location Current Location Shelving location Date acquired Total Checkouts Full call number Date last seen Copy number Koha item type
  Dewey Decimal Classification   Not For Loan Non-fiction Central Library, University of Rajshahi Central Library, University of Rajshahi Reading Room 28/09/2022   U 297.09 QUM 1941 28/09/2022 C-1 Books